000 00323nam a2200145Ia 4500
008 210210b1942 xxu||||| |||| 00| 0 eng d
041 _aeng
082 _a881/10
100 _aBHARAVI
245 _aKIratarjuniya
260 _aBombay
_b-
_c1942
650 _aKIratarjuniya
690 _aSanskrit Poetry
906 _a024182
999 _c149529
_d149529